书目信息 |
| 题名: |
毛泽东传 1893-1949 下册
|
|
| 作者: | 金冲及 主编 | |
| 分册: | ||
| 出版信息: | 北京 中央文献出版社 1996.08 |
|
| 页数: | 2卷 | |
| 开本: | 32开 | |
| 丛书名: | ||
| 单 册: | ||
| 中图分类: | ||
| 科图分类: | ||
| 主题词: | 毛泽东--生平事迹 , 毛泽东--传记 | |
| 电子资源: | ||
| ISBN: | 7-5073-0331-4 | |
| 000 | 00614nam0 2200217 45 | |
| 001 | 9909291067 | |
| 005 | 19990929102140.9 | |
| 010 | @a7-5073-0331-4@d22.50元 | |
| 100 | @a19990929d1996 km y0chiy0120 ea | |
| 101 | @achi | |
| 105 | @a z 000yy | |
| 200 | 1 | @a毛泽东传 1893-1949 下册@AMao Ze Dong Chuan 1893-1949 Xia Ce@f金冲及主编@FJin Chong Ji Zhu Bian |
| 210 | @a北京@c中央文献出版社@d1996.08 | |
| 215 | @a2卷@d32开 | |
| 606 | 0 | @a毛泽东@x生平事迹 |
| 606 | 0 | @a毛泽东@x传记 |
| 690 | @v3 | |
| 690 | @aA751 | |
| 701 | @a金冲及@4主编 | |
| 801 | @aCN@bPFTUser@c19990929 | |
| 905 | @f3@b40950-952@dA751@eJ341:2 | |
| 毛泽东传 1893-1949 下册/金冲及主编.-北京:中央文献出版社,1996.08 |
| 2卷;32开 |
| ISBN 7-5073-0331-4:22.50元 |
| ● |
| 相关链接 |
|
|
|
正题名:毛泽东传1893-1949下册
索取号:A751/J341:2
 
预约/预借
| 序号 | 登录号 | 条形码 | 馆藏地/架位号 | 状态 | 备注 |
| 1 | 40950 | 200409502 | 社科库509/ [索取号:A751/J341:2] | 在馆 | |
| 2 | 40951 | 200409511 | 社科库509/ [索取号:A751/J341:2] | 在馆 | |
| 3 | 40952 | 200409520 | 社科库509/509社科库 2排3列4层/ [索取号:A751/J341:2] | 在馆 |